Taṇṭiyāciriyar iyar̲r̲iya Taṇṭiyalaṅkāram. (Record no. 83620)

MARC details
000 -LEADER
fixed length control field 00888cam a22002891 4500
001 - CONTROL NUMBER
control field sa 68010902
003 - CONTROL NUMBER IDENTIFIER
control field DLC
005 - DATE AND TIME OF LATEST TRANSACTION
control field 20260227112556.0
008 - FIXED-LENGTH DATA ELEMENTS--GENERAL INFORMATION
fixed length control field 891114s1966 ii 000 0 tamo
010 ## - LIBRARY OF CONGRESS CONTROL NUMBER
LC control number sa 68010902
035 ## - SYSTEM CONTROL NUMBER
System control number (OCoLC)20646707
040 ## - CATALOGING SOURCE
Original cataloging agency DLC
Transcribing agency WaU
Modifying agency DLC
043 ## - GEOGRAPHIC AREA CODE
Geographic area code a-ii---
050 00 - LIBRARY OF CONGRESS CALL NUMBER
Classification number PL4758.2
Item number .T357 1966
100 0# - MAIN ENTRY--PERSONAL NAME
Personal name Taṇṭi,
Dates associated with a name active 12th century.
245 10 - TITLE STATEMENT
Title Taṇṭiyāciriyar iyar̲r̲iya Taṇṭiyalaṅkāram.
260 ## - PUBLICATION, DISTRIBUTION, ETC.
Date of publication, distribution, etc. 1966.
300 ## - PHYSICAL DESCRIPTION
Extent 32, 287 p.
Dimensions 19 cm.
546 ## - LANGUAGE NOTE
Language note In Tamil.
500 ## - GENERAL NOTE
General note Based on Dandin's Kāvyādarśa.
650 #0 - SUBJECT ADDED ENTRY--TOPICAL TERM
Topical term or geographic name entry element Tamil poetry
Chronological subdivision To 1500
General subdivision History and criticism.
650 #0 - SUBJECT ADDED ENTRY--TOPICAL TERM
Topical term or geographic name entry element Poetics
Form subdivision Early works to 1800.
700 0# - ADDED ENTRY--PERSONAL NAME
Personal name Cuppiramaṇiya Tēcikar.
700 1# - ADDED ENTRY--PERSONAL NAME
Personal name Irāmaliṇ̇kat Tampirān̲, K.
700 0# - ADDED ENTRY--PERSONAL NAME
Personal name Daṇḍin,
Dates associated with a name active 7th century.
Title of a work Kāvyādarśa.
740 0# - ADDED ENTRY--UNCONTROLLED RELATED/ANALYTICAL TITLE
Uncontrolled related/analytical title Taṇṭiyalaṅkāram.

No items available.

Powered by Koha